000 00733nam a2200229 a 4500
001 BRCA_7874
005 20190320210032.0
008 191113s1955----fr-a######---#000-0#fre-#
041 _afre
044 _afr
050 4 _aNK7163
_b.T74 1955
245 1 0 _aLes tresors de l´orfevrerie du Portugal
_bexposition November 1954 Janvier 1955
_cMusee des Arts Decoratifs.
260 _aParís
_bLes Presses Artistiques
_c1955
300 _a96 p.
_bil., 193 láminas
_c21 cm.
500 _aY138
650 1 4 _aOrfebrería portuguesa
_vExposiciones
_918787
650 1 4 _aPlatería portuguesa
_918786
650 1 4 _aGalerías y museos
_zFrancia
_97839
710 2 _aMusee des Arts Decoratifs (París)
_917354
902 _aGFM
942 _2lcc
_cB
999 _c7548
_d7548